Catalog

Record Details

Catalog Search



Žert : román  Cover Image Book Book

Žert : román / Milan Kundera ; s doslovem Zdeňka Kožmína a poznámkou autora

Kundera, Milan, 1929- (Author, Author of introduction, etc.). Kožmín, Zdeněk, 1925-2007 (Author of afterword, colophon, etc.).

Record details

  • ISBN: 978-80-7108-287-3
  • Physical Description: 366 s. ; 21 cm
  • Edition: Vyd. 7.
  • Publisher: V Brně : Atlantis, 2007, c1967
Genre: české romány
Czech fiction

Available copies

  • 1 of 1 copy available at Common Catalog SPOK.

Holds

  • 0 current holds with 1 total copy.
Show All Copies
Location Call Number / Copy Notes Barcode Shelving Location Status Due Date
KDS Library 810 KuM 204576800696 Library Available -

LDR 00968nam a2200313 a 4500
00120352
003CZ-PrJAB
00520150707132346.0
007ta
008070411t20071967xr g 000 f cze
015 . ‡acnb001715722
020 . ‡a978-80-7108-287-3 ‡q(váz.)
035 . ‡a(CZ PrNK)nkc20071715722
035 . ‡a(OCoLC)186971248
040 . ‡aOLA001 ‡bcze
072 7. ‡a821.162.3-3 ‡xČeská próza ‡2Konspekt ‡925
080 . ‡a821.162.3-31 ‡2MRF
080 . ‡a(0:82-31) ‡2MRF
1001 . ‡aKundera, Milan, ‡d1929- ‡7jk01070894 ‡4aut ‡4aui
24510. ‡aŽert : ‡bromán / ‡cMilan Kundera ; s doslovem Zdeňka Kožmína a poznámkou autora
250 . ‡aVyd. 7.
260 . ‡aV Brně : ‡bAtlantis, ‡c2007, c1967
300 . ‡a366 s. ; ‡c21 cm
655 7. ‡ačeské romány ‡7fd133974 ‡2czenas
655 9. ‡aCzech fiction ‡2eczenas
7001 . ‡aKožmín, Zdeněk, ‡d1925-2007 ‡7jk01062674 ‡4aft
910 . ‡aABE463
9281 . ‡aAtlantis
998 . ‡a001715722
901 . ‡a20352 ‡b ‡c20352 ‡tbiblio

Additional Resources